000
00253 a2200121 4500
001
119959
040
_c
Escola Canadense de Niteroi
245
1
0
_a
Mapa Brasil Vegetação
650
4
_a
Mapa
650
4
_a
vegetação
650
4
_a
Brasil
942
_c
MATP
999
_c
119959
_d
119959